000
00295nam a2200109Ia 4500
008
220217s9999||||xx |||||||||||||| ||und||
100
_a
Somanathananda
245
0
_a
Upanishath bhavadhare
260
_a
Sri Ramakrishna Ashrama
_b
Mysore
_c
1995
300
_a
708p
_b
125
650
_a
GENERAL BOOKS
999
_c
172971
_d
172971